| 000 | 00908aam a2200337 4500 | ||
|---|---|---|---|
| 005 | 20230711101036.0 | ||
| 008 | 150528b2008 xxu||||| |||| 00| 0 spa d | ||
| 041 | _aESP | ||
| 082 | _a005.133 P438o | ||
| 100 |
_aPérez López, César _982480 |
||
| 245 | _aOracle PS/SQL | ||
| 260 |
_aMéxico _bAlfaomega _c2008 |
||
| 300 | _a416 páginas | ||
| 650 |
_aLENGUAJES DE PROGRAMACIÓN _982481 |
||
| 650 |
_aORACLE _982482 |
||
| 650 |
_aPS/SQL _982483 |
||
| 650 |
_aSQL _982484 |
||
| 650 |
_aPLUS _982485 |
||
| 650 |
_aISQL _982486 |
||
| 650 |
_aESTRUCTURAS DE CONTROL _982487 |
||
| 650 |
_aREGISTROS _982488 |
||
| 650 |
_aTABLAS _982489 |
||
| 650 |
_aMATRICES _982490 |
||
| 650 |
_aCURSORES _982491 |
||
| 650 |
_aSUBPROGRAMAS _982492 |
||
| 650 |
_aFUNCIONES _982493 |
||
| 650 |
_aPROGRAMACIÓN ORIENTADA A OBJETOS _982494 |
||
| 650 |
_aOBJETOS _982495 |
||
| 650 |
_aEXCEPCIONES _982496 |
||
| 942 | _cBK | ||
| 999 |
_c2360 _d2360 |
||